|
|
|
|
| LEADER |
01538nam a2200409 a 4500 |
| 001 |
000643338 |
| 003 |
CZ BrMZK |
| 005 |
20090714130242.0 |
| 007 |
ta |
| 008 |
021220s2002 xr f cze d |
| 015 |
|
|
|a cnb001197882
|
| 020 |
|
|
|a 80-86700-02-X
|
| 035 |
|
|
|a (OCoLC)53271691
|
| 040 |
|
|
|a BOA001
|b cze
|
| 080 |
|
|
|a (079.1)
|2 MRF
|
| 080 |
|
|
|a 16
|2 MRF
|
| 080 |
|
|
|a 371.279.5/.6
|2 MRF
|
| 080 |
|
|
|a 378.4
|2 MRF
|
| 080 |
|
|
|a (035)
|2 MRF
|
| 100 |
1 |
|
|a Dvořáčková, Kamila,
|d 1978-
|7 mzk2003207698
|4 aut
|
| 245 |
1 |
0 |
|a Logika pro přijímací zkoušky na právnické fakulty /
|c [Kamila Dvořáčková]
|
| 250 |
|
|
|a 1. vyd.
|
| 260 |
|
|
|a [Praha] :
|b Tutor,
|c c2002
|
| 300 |
|
|
|a 94 s. :
|b il. ;
|c 21 cm
|
| 490 |
1 |
|
|a Přijímací zkoušky na vysoké školy
|
| 500 |
|
|
|a Dostupné též v digitální podobě v aplikaci Kramerius
|
| 650 |
0 |
7 |
|a logika
|7 ph122436
|2 czenas
|
| 650 |
0 |
7 |
|a přijímací zkoušky
|7 ph124916
|2 czenas
|
| 650 |
0 |
7 |
|a vysoké školy
|7 ph116649
|2 czenas
|
| 655 |
|
7 |
|a testy
|7 fd133697
|2 czenas
|
| 655 |
|
7 |
|a příručky
|7 fd133209
|2 czenas
|
| 830 |
|
0 |
|a Přijímací zkoušky na vysoké školy (Tutor)
|0 s
|
| 856 |
4 |
1 |
|u http://www.digitalniknihovna.cz/mzk/uuid/uuid:3bf105f0-64c0-11e8-be96-005056827e52
|y Digitalizovaný dokument
|x NDK
|
| 910 |
|
|
|a BOA001
|b 2-1111.978
|
| 990 |
|
|
|a BK
|
| 996 |
6 |
|
|b 2610180169
|c 2-1111.978
|l MZK
|r Sklad / do 1 hodiny
|n 7
|p p.v.
|w 000643338
|u 000010
|a 1
|e BOA001
|j MZK50
|s P
|
| 996 |
7 |
|
|b 2610180170
|c 2-1111.978
|l MZK
|r Sklad / do 1 hodiny
|n 25
|p p.v.
|w 000643338
|u 000020
|a 1
|e BOA001
|j MZK50
|s A
|